000 01666cam a22004097a 4500
003 CHAP
005 20220329134646.0
008 971013s1979 r 00010 d
010 _a23753
011 _a24725
035 _a28824
040 _cCHAP
082 _a581.5
_bB7Y
100 0 0 _aBraun-Blanquet, Josias.
_915104
245 0 _aFitosociología ; bases para el estudio de las comunidades vegetales
260 _aMadrid :
_bBlume,
_c1979
300 _a820 p.
_b: ilus.
590 _aBATCH-UPD
_b10
_c20130110
_lUCH01
_h0152
590 _aBATCH-UPD
_b10
_c20130110
_lUCH01
_h2000
590 _aBATCH-UPD
_b10
_c20130410
_lUCH01
_h1320
590 _aBATCH-UPD
_b10
_c20130914
_lUCH01
_h0747
590 _aCONVERSION
_b10
_c20130109
_lUCH01
_h1314
650 1 4 _aEcología vegetal.
_935188
650 1 4 _aFitogeografía.
_941157
901 _aBK
942 _cLIBRO
949 _a581.5 B7Y
_bBC
_cLIBRO
_d33724000541017
_eLIBRO
_h1779
_i28824
_si
949 _a581.5 B7Y
_bBC
_cLIBRO
_d33724000541025
_eLIBRO
_fc.6
_h1784
_i28824
_si
949 _a581.5 B7Y
_bBC
_cLIBRO
_d33724000541041
_eLIBRO
_fc.4
_h1782
_i28824
_si
949 _a581.5 B7Y
_bBC
_cLIBRO
_d33724000542379
_eLIBRO
_fc.5
_h1783
_i28824
_si
949 _a581.5 B7Y
_bBC
_cLIBRO
_d33724000542387
_eLIBRO
_fc.7
_h1785
_i28824
_si
949 _a581.5 B7Y
_bBC
_cLIBRO
_d33724000542395
_eLIBRO
_fc.8
_h1786
_i28824
_si
949 _a581.5 B7Y
_bBC
_cLIBRO
_d33724000542403
_eLIBRO
_fc.10
_h50469
_i28824
_si
949 _a581.5 B7Y
_bBC
_cLIBRO
_d33724000542411
_eLIBRO
_fc.9
_h1787
_i28824
_si
949 _a581.5 B7Y
_bBC
_cLIBRO
_d33724000642641
_eLIBRO
_fc.2
_h1780
_i28824
_si
949 _a581.5 B7Y
_bBC
_cLIBRO
_d33724000807707
_eLIBRO
_fc.3
_h1781
_i28824
_si
999 _c23753
_d23753